000 00437nam a2200181Ia 4500
001 8640
005 20260306160624.0
008 260306t1998||||xx |||||||||||||| ||spa||
041 _aESP
082 _a371.206
_bF
100 _aPreal-Unesco
_eAUT
245 0 _aFinanciamiento de la educación en América Latina
260 _c1998
300 _a267 páginas :
_c22 cm.
650 _aGEN
654 _aCED
942 _cLIB
_dJUS
_fJUS
_2ddc
_n
999 _c8640
_d8640